[Event "Candidates Tournament"]
[Site "Khanty-Mansiysk"]
[Date "2014.03.18"]
[Round "5"]
[White "Svidler, Peter"]
[Black "Topalov, Veselin"]
[Result "1-0"]
[WhiteElo "2758"]
[BlackElo "2785"]
[Annotator "Negi,P"]
[PlyCount "95"]
[EventDate "2014.03.13"]
[EventType "tourn"]
[EventRounds "14"]
[EventCountry "RUS"]
[EventCategory "21"]
[SourceTitle "CBM 160"]
[Source "ChessBase"]
[SourceDate "2014.05.15"]
[SourceVersion "1"]
[SourceVersionDate "2014.05.15"]
[SourceQuality "1"]

1. e4 e5 2. Nf3 Nc6 3. Bb5 a6 4. Ba4 Nf6 5. O-O Bc5 $5 {I am not sure if this
can be called the Moller (5...b5 and 6...Bc5), but it is a close cousin of
those lines. Black's idea is to delay ...b5 so White isn't able to instantly
reply with a4. This gives Black a few additional options - for instance the
idea of entirely avoiding ...Rb8 after a4, but at the least it also prevents,
or reduces the impact of a few additional lines for White like the Nxe5 lines.
All that sounds good, but Black has to deal with additional options here for
White as well, which is the reason why 5...Bc5 hasn't really been in fashion
of late. It is also probably the reason why Topalov chose it here, and he
successfully managed to bring Svidler out of book very quickly.} 6. c3 (6. d4
$5 {is another interesting, but very rare option for White to explore.}) 6...
b5 7. Bc2 {But this is the extra option Black has to deal with compared to 5...
b5, and 6...Bc5. At first sight, the bishop is naturally better placed on c2,
and if Black just continues in the way of Moller, then White will have a
better version. So instead, he ought to go for the forcing} d5 8. d4 dxe4 9.
dxe5 $5 {A less popular move, but since Svidler has played it before, it
certainly couldn't be a surprise to Topalov.} (9. Nxe5 {leads to a long,
insane variation that Svidler understandably wanted to avoid} Nxe5 10. dxe5
Qxd1 11. Rxd1 Ng4 12. Bxe4 Nxf2 (12... Rb8 13. Bc6+ Ke7 14. Bg5+ Ke6 15. Bh4
Nxe5 16. Bd5+ Kf5 17. Bxf7 $5 $146 {doesn't let Black equalise fully yet.} (17.
Nd2 Bb7 18. Nb3 {This lets White maintain pressure as well.} (18. Ne4 Bb6 19.
Ng3+ Kg6 20. Bb3 f6 21. Ne2 Rhe8 $11 {(57) Shirov,A (2710)-Ivanchuk,V (2740)
Monte Carlo 1998}) 18... Bb6 19. Bg3 f6 20. Nd4+ Bxd4 21. cxd4 (21. Rxd4 c5 22.
Rd2 c4 23. Rad1 Rhe8 $11 {1/2-1/2 (55) Hermansson,E (2545)-Hector,J (2638)
Sweden 2007}) 21... Bxd5 22. dxe5 Rbd8 23. exf6 gxf6 24. Bxc7 {is a much more
drawish opposite coloured bishop endgame than 17.Bxf7.}) 17... Bxf2+ (17...
Nxf7 18. Rd5+ Kg6 (18... Kg4 19. Bg3 Bb6 20. h3#) 19. Rxc5 $16) 18. Bxf2 Nxf7
19. Bg3 $14 {Due to the opposite coloured bishops, and more activity, Black
certainly has chances for a draw...but it's not yet easy. Black's exposed king,
and likely pawn less, certainly give White enough reason to be happy with the
outcome of the opening.}) 13. Bc6+ Ke7 14. Rd5 Bb6 $1 {We've most of the
theory established here already, with an old Svidler game after Bg5. And in
general, Black seems to be doing fine after the following exchange sacrifice:}
15. Bxa8 Nd3+ 16. Kf1 Nxc1 17. Na3 Be6 18. Rxc1 Rxa8 {The insanity is
simplified to a much more normal position, but as is often the case, the
excellent bishops actually offer Black good compensation for the rook.}) (9.
dxc5 {certainly hasn't been completely explored either.} Qxd1 10. Bxd1 exf3 11.
Bxf3 e4 $1 (11... Bb7 12. b4 e4 13. Be2 O-O 14. a4 $14 {1/2-1/2 (28) Dvirnyy,D
(2515)-Saravanan,V (2401) Forni di Sopra 2012}) 12. Be2 (12. Re1 O-O $5 (12...
Bf5 13. Nd2 O-O-O 14. Be2 Nd7 15. a4 Nxc5 16. axb5 axb5 17. Bxb5 $14 {1/2-1/2 
(22) Chandler,M (2537)-Lane,G (2445) Brisbane 2005}) 13. Bxe4 Re8 14. Nd2 Bf5
15. f3 Rad8 {should be quite ok for Black.} 16. Kf1 Nxe4 17. Nxe4 Bxe4 18. fxe4
Ne5 $44 {1/2-1/2 (45) Rajlich,V (2337)-Gustafsson,J (2535) Budapest 2001})
12... Bg4 $1 {exchanging a pair of bishops will make Black's life a lot easier.
} 13. Bxg4 (13. f3 exf3 14. gxf3 Bf5 15. b4 O-O-O 16. a4 Rhe8 $1 $15 {1/2-1/2 
(24) Shen,Y (2459)-Kosintseva,T (2479) Ergun 2006}) 13... Nxg4 14. a4 b4 15.
cxb4 Nxb4 16. Bd2 Nc2 17. Ra2 Rb8 18. Nc3 O-O 19. Nxe4 Rfe8 20. Ng3 Ne5 $44 {
1/2-1/2 (41) Salai,L (2440)-Onischuk,A (2605) Yerevan 1996.}) 9... Qxd1 10.
Rxd1 exf3 $1 {Even though there is still one game with this move, it was
almost certainly a surprise for White. Black voluntarily spoils his structure,
and does not take a pawn with a check....} (10... Bxf2+ {has been the main
theoretical move, but now Black seems to be sufferring, even though he's close
to equality:} 11. Kf1 Ng4 12. Bxe4 Bb7 13. h3 Ne3+ 14. Bxe3 Bxe3 15. a4 O-O (
15... Ke7 16. Na3 Rhb8 17. axb5 axb5 18. Nxb5 Rxa1 19. Rxa1 Nxe5 20. Bxb7 Rxb7
21. Nxc7 Nxf3 22. Nd5+ Ke6 23. Nxe3 $16 {1-0 (46) Areshchenko,A (2657)-Gupta,A
(2570) Mumbai 2009}) 16. axb5 axb5 17. Rxa8 Bxa8 18. Na3 b4 19. Nc2 Bf4 20.
Bxc6 Bxc6 21. Nxb4 Bxf3 22. gxf3 Bxe5 23. Nc6 Bd6 24. b4 f5 25. b5 Rf6 26. Rd5
Re6 27. c4 $14 {1-0 (44) Hossain,E (2516)-Gupta,A (2584) Kolkata 2009}) 11.
exf6 gxf6 12. Be4 (12. Bf4 $5 {could be an interesting way which needs further
checking. After} Ne5 13. Be4 Rb8 14. g3 {The pawn sacrifice seems to be just
temporary, and if White is able to regain the f3-pawn without spoiling his
position, then White might have chances. Still, the assesment is probably
close to equal right now.}) (12. a4 Ne5 $5 {dealing with it aggressively} 13.
axb5 Bb7 14. bxa6 Rxa6 15. Rxa6 Bxa6 $132) 12... Bd7 $1 (12... Bb7 {looks more
natural, but now Black won't be able to go 0-0-0.}) 13. a4 O-O-O 14. axb5 Ne5
$1 {Really impressive play! No wonder, Svidler spent a huge deal of time on
these moves. It is already White who needs to be careful here...} 15. Bf4 Bxb5
{Black's pawn structure is abysmal, but his activity more than makes up for it.
} 16. Na3 Rxd1+ $6 {Slight inaccuracies begin creeping into Topalov's game....
it's always hard to start to focus right after your preparation ends. Black is
still ok after this, but giving away the d-file makes White's play a lot
easier.} (16... Bd3 $1 {would have been the simplest.} 17. Bxe5 (17. gxf3 Rhg8+
18. Bg3 f5 $1 {would win material}) 17... Bxe4 18. Bxf6 Rxd1+ 19. Rxd1 Re8 20.
g3 Bd5 $15 {Black's pieces are much better, and the mating bind due to the
f3-pawn is very annoying for White as well.}) 17. Rxd1 Be2 18. Rd5 Rg8 $2 {
A surprising mistake. Black should have tried to take fxg2 when he could. The
pawn on f3 looks impressive, but he isn't active enough to hold on to it for
too long...and in general a tripled pawn is never too nice to keep. But it was
already not that easy to make a decision:} (18... Bxa3 {would be definitely
better than the game, but it's not entirely equal} 19. bxa3 fxg2 20. Bxe5 fxe5
21. Rxe5 {with slight pressure.}) (18... Bd6 19. g3 {the pawns are still a
problem, although Black has more counterplay here.}) (18... Ba7 $1 {now g3 is
probably not very nice due to the pressure on f2} 19. Bxe5 fxe5 {and Black
should have enough counterplay to equalise probably.}) 19. g3 Bxa3 20. bxa3 Ng6
21. Be3 {The tripled pawns make Black's life hard, and Svidler conducts the
next few moves quite well and practically, just increasing the pressure.} Re8
22. Bf5+ Kb7 23. Rd4 Re5 24. g4 a5 25. h3 h5 26. Be4+ Ka6 (26... Kc8 {is a
more stubborn defence, but it's hard to figure it out during a game...Black
can't really expect his king to come under a mating attack, can he?}) 27. gxh5
$1 Rxh5 28. Rd8 {Finally, it's time for precision! The king is a target now.}
Ne5 (28... Rxh3 29. Rb8 $1 {is an amazing move that Topalov might have
overlooked. Bb7 is a very strong threat as well...} (29. a4 Rh8 {is a draw.})
29... Rh8 30. Rb2 {and the beautiful mate with Bb7 follows.}) 29. a4 c6 30. Rb8
{The king is still not out of the woods.} Nc4 31. Bd4 c5 32. Bxf6 Nb6 33. Bd8 (
33. h4 $16 {was simpler.}) 33... Nd5 34. Ra8+ Kb7 35. Rxa5 Re5 36. Rxc5 Rxe4
37. Rxd5 Rxa4 38. Rf5 Kc8 39. Bg5 Rc4 40. Bd2 {It could be argued that Svidler
spoilt his advantage a bit in the last moves, but he did reasonably well to
reach the time control, and the endgame is still quite unpleasant for White.}
Rc7 {Too passive. The h-pawn is just on a roll now} (40... Rh4 41. Kh2 Bf1 42.
Rxf3 Rh5 {is an interesting suggestion by the computer. Amazingly, there
aren't many ways to improve...but it's hard to say if Black can save the
position after} 43. Rxf7 Rxh3+ 44. Kg1 Be2 $16) 41. h4 Kd8 42. Bg5+ $1 {
A very nice trick. Black would have been in time to control the h-pawn...but
White brings mating nets into the game as well!} Ke8 43. Rd5 f5 (43... Rd7 44.
Rxd7 Kxd7 {should just be lost as the two pawns are too far away. As usual,
the computer doesn't understand these opposite coloured bishop endgames very
well...}) 44. h5 Rc4 45. Rd4 $1 {The opposite coloured bishop endgame is of
course lost...} Rxc3 46. h6 Rc8 47. h7 Kf7 48. Bd8 $1 {The final touch.} 1-0

[Event "Douglas IoM op"]
[Site "Douglas"]
[Date "2017.09.30"]
[Round "8"]
[White "Caruana, Fabiano"]
[Black "Carlsen, Magnus"]
[Result "0-1"]
[WhiteElo "2799"]
[BlackElo "2827"]
[Annotator "Nielsen,Peter Heine"]
[PlyCount "70"]
[EventDate "2017.09.23"]
[EventType "swiss"]
[EventRounds "9"]
[EventCountry "IOM"]
[SourceTitle "CBM 181"]
[Source "ChessBase"]
[SourceDate "2017.11.10"]
[SourceVersion "1"]
[SourceVersionDate "2017.11.10"]
[SourceQuality "1"]

{While many players had planned their "exit-strategy" from the World Cup with
the Isle of Man's organisers in advance, Magnus after the unexpected loss in
round 3 to Bu, wanted to quickly wash a way the defeat, and an open tournament
with most of the worlds elite present seemed like an excellent opportunity.
The early rounds had the expected scares with risktaking and unusual openings
in the end Magnus was rewarded with a half point lead before this game in the
penultimate round:} 1. e4 e5 2. Nf3 Nc6 3. Bb5 a6 4. Ba4 Nf6 5. O-O b5 6. Bb3
Bc5 {Magnus played the Moeller in the crucial game 9 of the match in New York,
and had to pull of a spectacular save after getting into troubles out of the
opening, and thus had parked the line until this game:} 7. c3 d6 8. a4 Rb8 9.
d4 Bb6 10. a5 Ba7 11. h3 O-O 12. Be3 Ra8 13. Re1 h6 14. Nbd2 {Caruana had this
exact position the day before also with the white pieces against Gawain Jones,
who preferred 14...exd4.} Re8 {Curiously Magnus prefers the move Caruana
himself played against Karjakin in 2013! That game continued with the pawn
sacrifice 15.Nf1, but the American had prepared an even more cunning idea:} (
14... exd4 15. cxd4 Nb4 {From a positional point of view Black is doing well,
but Fabiano launched a well prepared attack with} 16. e5 $1 Nfd5 17. Ne4 Nxe3
18. Rxe3 Bb7 19. e6 Nd5 20. exf7+ Kh8 21. Re1 Rxf7 22. Rc1 Rc8 23. Nfg5 $1 {
winning excellently. The depth of White's play is shown after} Re7 $1 (23...
Rf5 $2 {was the game}) 24. Qg4 Qe8 25. Kh2 $1 Rd8 26. Qf5 $1 g6 27. Qg4 $1 {
when the computer shows White has a very promising attack.}) 15. g4 $5 {
The idea of attacking a pawn on h6 with g4 is not exactly new but, ideally
White would prefer a rook and not his king on g1! Here however White's control
of the centre means that it is difficult for Black to launch an attack against
White's now somewhat weakened king, and more pressingly it's not easy to see
how White develops next. There is no point in hiding that the move took the
World Champion by surprise, as he now thought for more than half an hour
coming up with a common sense reply:} Qe7 $6 {The computer indicates two ways
for Black:} (15... exd4 16. cxd4 Nb4 {in the style of Jones is logical, now
however with the rook on e8,} 17. Bxf7+ (17. g5 $5 {also deserves attention
with wild tactics emerging after} c5 $1 18. e5 $5 Nfd5 19. Ne4 {with a
complete mess, where Caruana certainly would be prepared.}) 17... Kxf7 18. Qb3+
{is possible, allthough} Nbd5 19. exd5 Bb7 20. Qd3 Qd7 $1 {as indicated by the
computers seems to hold.}) (15... Qd7 $5 {is very interesting, combining
defending the knight on c6 (and thus threatening 16...exd4 17.cxd4 Nxe4 18.
Nxe4 Rxe4 as 19.Bd5 does not threaten on c6.) with ...Nxg4 motives cropping up.
} {White can play it slow with} 16. Qc2 {but then} ({White can try and force
events with} 16. g5 $5 {but Black can still play} exd4 17. cxd4 Nxe4 18. Nxe4
Rxe4 19. Bd5 {and while now} Re8 {loses to both 20.gxh6 or 20.g6,} (19... Qxh3
$1 {forces a draw, as} 20. Bxe4 Qg4+ {both 21.Kf1 and 21.Kh1 leave White's
king exposed after 21...Qxe4 and} 21. Kh2 Qh5+ {is a perpetual.})) 16... Nd8 {
is a good way to regroup.}) 16. Nf1 $1 {A very strong move, leaving Black in a
strategically very difficult position.} Nd8 ({Tactically the problem is that} 
16... exd4 17. cxd4 Nxe4 {loses a piece to} 18. d5 $1 Bxe3 19. Rxe3 Ne5 20.
Nxe5 Qxe5 21. f3 {which means that Black has to play it slow.}) 17. Ng3 c5 18.
Qd2 c4 19. Bc2 Nh7 20. b4 {An interesting moment. The computers at first
indicate that 20.b3! is the move, and 20.b4 somewhat lets Black off the hook,
but obviously both players seemed to think that sealing off the queenside is
to White's advantage, and after a while the machine somewhat agrees with that
after 20...Qf6!? 21.Kg2 Ne6 22.h4! still means White has a considerable
advantage as Black's intended 22...Nhg5 is prevented.} cxb3 (20... Qf6 $5 21.
Kg2 Ne6 22. h4 $1) 21. Bxb3 Be6 {Till here Caruana has turned in a powerful
performance, but things are about to take a dramatic shift.} 22. Bc2 $2 ({After
} 22. Nf5 $1 Qc7 {maybe at first it looks like White has made no progress, but}
23. Bd5 $1 {leaves White close to strategically winning:} Bxd5 (23... Rc8 24.
Rac1 {also leaves Black stuck for moves, and biting the bullet and taking on
f5, e.g. already in move 22 means White has a basically unstoppable attack
down the g-file.}) 24. exd5 f6 {loses tactically to} 25. Bxh6 {as White's
attack is unstoppable after} gxh6 26. Qxh6 Kh8 27. g5 fxg5 28. Nxd6 $18) 22...
Rc8 23. Bd3 Nb7 24. Rec1 {Not managing to follow through on his aggressive
intentions, Caruana has shifted to a defensive setup keeping a5 and c3
protected, and planning d5 and c4 should Black place his queen on the obvious
square c7, but Black does have another way of pressurising the a-pawn:} Qd8 $1
{Short of time, White now collapses.} 25. Qb2 (25. d5 $1 {still was the best
move, as after} Bxe3 26. Qxe3 Bd7 27. c4 $1 Nxa5 28. cxb5 Rxc1+ 29. Rxc1 axb5
30. Qa7 $1 {it seems like Black's best is} Nb3 {when White gets the pawn back
with} 31. Rb1 Nc5 32. Bxb5 {and should be able to save the draw. In time
pressure, however, Caruana goes astray.}) 25... Nxa5 26. Nd2 d5 $1 {Not only
is Black a pawn up, but also the white centre is collapsing.} 27. Re1 Bb8 28.
exd5 Bxd5 29. Bf5 Rc6 30. Qa3 Nb7 31. Rad1 exd4 32. Bxd4 Ng5 33. c4 Rxe1+ 34.
Rxe1 Be6 35. Qe3 Bf4 $1 {The bishop, who White went to great length excluding
from the game has returned efficiently and fittingly delivers the final blow.
And as 36.Qxf4 loses to 36...Nxh3+ and 36.Qe2 Bxd2 37.Qxd2 to 37...Nf3+
Caruana resigned. Another American however kept the pase, meaning Magnus had a
half point lead over Nakamura and a full point over the remaining field.
Playing Hikaru as White the World Champion found inspiration from the French
Championship, copying a recent game and effectively forcing a draw to clinch
tournament victory.} 0-1

[Event "EU-Cup 16th"]
[Site "Neum"]
[Date "2000.09.27"]
[Round "4.2"]
[White "Adams, Michael"]
[Black "Onischuk, Alexander"]
[Result "1/2-1/2"]
[WhiteElo "2755"]
[BlackElo "2627"]
[Annotator "Onischuk,A"]
[PlyCount "66"]
[EventDate "2000.09.24"]
[EventType "team-swiss"]
[EventRounds "7"]
[EventCountry "BIH"]
[SourceTitle "CBM 080"]
[Source "ChessBase"]
[SourceDate "2001.01.25"]
[SourceVersion "1"]
[SourceVersionDate "2001.01.25"]
[SourceQuality "1"]
[WhiteTeam "Breda"]
[BlackTeam "Donetsk"]
[WhiteTeamCountry "NED"]
[BlackTeamCountry "UKR"]

1. e4 e5 2. Nf3 Nc6 3. Bb5 a6 4. Ba4 Nf6 5. O-O Bc5 6. c3 b5 7. Bb3 d6 8. d4
Bb6 9. Bg5 h6 10. Bh4 O-O (10... g5) 11. a4 $5 $146 (11. h3) 11... Rb8 12. axb5
axb5 13. d5 (13. Qd3 g5 (13... exd4 $6 14. cxd4 g5 15. e5 $1 (15. Bg3 g4) 15...
gxh4 16. Qg6+ Kh8 17. Qxh6+ Nh7 18. Bc2 f5 19. exf6 Rf7 20. Ng5 Qxf6 21. Nxf7+
Qxf7 22. Bxh7 Qxh7 23. Qf8+ Qg8 24. Qf6+ Qg7 25. Qxh4+ Kg8 26. Ra3 Nxd4 27. Re1
$16) 14. Bg3 g4 15. d5 $5 (15. Nh4 $6 exd4 16. e5 Nxe5 17. Bxe5 dxe5 18. Qg6+
Kh8 19. Bxf7 Nh7 $17)) (13. Bd5 Bd7 14. Bxc6 (14. dxe5 Nxe5 15. Nxe5 dxe5 16.
Qf3 g5 17. Bg3 Bg4 18. Qd3 Nxd5 19. exd5 Re8 $11) (14. Re1 exd4 15. cxd4 g5)
14... Bxc6 15. dxe5 dxe5 16. Nxe5 Bxe4 $11) 13... Ne7 14. Bxf6 gxf6 15. Nh4 f5
16. Qh5 fxe4 17. Qxh6 Nf5 18. Nxf5 Bxf5 19. Kh1 (19. Na3 Bh7 $5 20. Nxb5 f5 $44
) 19... Bh7 20. g4 $1 f5 (20... Kh8 $5) 21. gxf5 (21. g5 Qe8 22. g6 $8 Bxg6 23.
Rg1 Rf6 24. Bd1 Kf7 25. Bh5 Qg8 26. Rxg6 Rxg6 27. Qg5 Qh7 28. Qxf5+ Kg7 $11)
21... Kh8 (21... Qf6 $2 22. Rg1+ Kh8 23. Rg6 $18) 22. Bc2 Qf6 23. Qxf6+ Rxf6
24. Bxe4 Bxf5 25. Bxf5 (25. Nd2 Bh3) 25... Rxf5 26. Nd2 Rxf2 $11 27. Rxf2 Bxf2
28. Ne4 Be3 29. Kg2 Kg7 30. b3 Kg6 31. Kf3 Bb6 32. Ra6 Rf8+ 33. Ke2 Rd8 1/2-1/2